Quantum eletrochemistry
Salvato in:
| Autori principali: | , |
|---|---|
| Natura: | Libro |
| Lingua: | inglese |
| Pubblicazione: |
Nueva York
Plenum
1979
|
| Soggetti: | |
| Tags: |
Aggiungi Tag
Nessun Tag, puoi essere il primo ad aggiungerne!!
|
MARC
| LEADER | 00000nam a2200000 a 4500 | ||
|---|---|---|---|
| 001 | UCT4030 | ||
| 003 | CL-VaPUC | ||
| 008 | 961105e19790000US |||||||||||||||||eng|d | ||
| 082 | 0 | 4 | |a 541.37 |b BOC |2 21 |
| 100 | 0 | |a Bockris, John O' M |e author |9 373122 | |
| 700 | 0 | |a Khan, Shahed U. M |e author |9 373123 | |
| 245 | 1 | 0 | |a Quantum eletrochemistry |
| 300 | |a 518 p | ||
| 942 | |c BK | ||
| 945 | |d 19961105 00:00:00 |a paguirre | ||
| 260 | |a Nueva York |b Plenum |c 1979 | ||
| 650 | 0 | |a Electroquímica |9 263973 | |
| 650 | 0 | |a Metales |9 260686 | |
| 650 | 0 | |a Reacciones químicas |9 259438 | |
| 650 | 7 | |a ELECTRODOS |2 CL-VaPUC |9 306983 | |
| 650 | 0 | |a Cinética |9 260943 | |
| 650 | 0 | |a Teoría cuántica |9 266148 | |
| 583 | |a last modification |c 20130123 01:33:34 |k Rodrigo Vera | ||
| 999 | |c 253494 |d 253492 | ||
| 952 | |0 0 |1 0 |4 0 |6 541_370000000000000_BOC_1979 |7 0 |8 A |9 274373 |a BIBCUR |b BIBCUR |d 2019-11-19 |i 1784587 |o 541.37 BOC 1979 |p 1784587 |r 2025-04-22 |w 2019-11-19 |y BK |k QUI | ||